Chapman Library

Dictionary of cults, sects, religions, and the occult (Record no. 3054)

000 -LEADER
fixed length control field 00556nam a22001937a 4500
020 ## - INTERNATIONAL STANDARD BOOK NUMBER
ISBN 0310531004
050 ## - LIBRARY OF CONGRESS CALL NUMBER
Classification number BL 31 mat
100 ## - MAIN ENTRY--AUTHOR NAME
Personal name MATHER, George A.
Personal name NICHOLAS, Larry A.
245 ## - TITLE STATEMENT
Title Dictionary of cults, sects, religions, and the occult
260 ## - PUBLICATION, DISTRIBUTION, ETC. (IMPRINT)
Place of publication Grand Rapids, Mich
Name of publisher Zondervan Pub. House
Year of publication 1993.
300 ## - PHYSICAL DESCRIPTION
Number of Pages 384p. : ill. : Ref.
650 ## - SUBJECT ADDED ENTRY--TOPICAL TERM
Topical Term Religions--Dictionaries.
Topical Term Cults--Dictionaries.
Topical Term Sects--Dictionaries.
Topical Term Occultism--Dictionaries.
942 ## - ADDED ENTRY ELEMENTS (KOHA)
Koha item type Books
988 ## - PAGINATION/EXTENT
PAGINATION/EXTENT 384p. : ill. : Ref.
Holdings
Koha item type Collection code Shelving location Accession Number Permanent Location Current Location Date acquired Full call number
BooksReferenceReference4294Chapman LibraryChapman Library2017-03-17BL 31 mat


CSUC Chapman Library is a Koha Automated Library.


Contact us: library@csuc.edu.gh.